| 000 | 02132nam a2200505 i 4500 | ||
|---|---|---|---|
| 001 | 2351 | ||
| 003 | KOSZ 005 | ||
| 005 | 20200420073211.0 | ||
| 008 | 181030s1984 pl a f |000 0 pol | ||
| 020 | _a832140152X | ||
| 035 | _ab0000006091964 | ||
| 035 | _a(EXLNZ-48OMNIS_NETWORK)9910043665205606 | ||
| 040 |
_aWA N _cWA N _dKOSZ 005/AR |
||
| 041 | 0 |
_aeng _apol |
|
| 044 | _apl | ||
| 046 | _k1984 | ||
| 080 | _a811.111 | ||
| 080 | _a(076) | ||
| 245 | 0 | 0 |
_aAmerican English for Poles : _bkurs audiowizualny : ćwiczenia. _nCz. 1 / _c[kurs opracowany przez zespół William Carroll, Zofia Jancewicz, John Kane, Andrzej Kopczyński, Jerzy Siemasz, Leszek Suchorzewski ; redaktor naukowy Franciszek Grucza] ; Instytut Lingwistyki Stosowanej Uniwersytetu Warszawskiego, Center for Applied Linguistics, Arlington, Virginia USA. |
| 260 |
_aWarszawa : _bPaństwowe Wydawnictwo "Wiedza Powszechna", _c1984. |
||
| 300 |
_a165, [3] strony : _bilustracje ; _c21 cm. |
||
| 336 |
_aTekst _btxt _2rdacontent |
||
| 337 |
_aBez urządzenia pośredniczącego _bn _2rdamedia |
||
| 338 |
_aWolumin _bnc _2rdacarrier |
||
| 380 | _aKsiążki | ||
| 380 | _aPublikacje dydaktyczne | ||
| 388 | 1 | _a1901-2000 | |
| 388 | 1 | _a1945-1989 | |
| 650 | 7 |
_aJęzyk angielski (przedmiot szkolny) _2DBN |
|
| 651 | 7 |
_aStany Zjednoczone (USA) _2DBN |
|
| 655 | 7 |
_aĆwiczenia i zadania _2DBN |
|
| 658 | _aEdukacja i pedagogika | ||
| 700 | 1 |
_aCarroll, William N. _eAutor |
|
| 700 | 1 |
_aGrucza, Franciszek _d(1937- ) _eRedakcja |
|
| 700 | 1 |
_aJancewicz, Zofia _d(1952- ) _eAutor |
|
| 700 | 1 |
_aKane, John _eAutor |
|
| 700 | 1 |
_aKopczyński, Andrzej _d(1935-2017) _eAutor |
|
| 700 | 1 |
_aSiemasz, Jerzy _d(1939- ) _eAutor |
|
| 700 | 1 |
_aSuchorzewski, Leszek _eAutor |
|
| 710 | 2 | _aInstytut Lingwistyki Stosowanej (Uniwersytet Warszawski) | |
| 710 | 2 |
_aPaństwowe Wydawnictwo Wiedza Powszechna _4pbl |
|
| 856 |
_uhttp://koha.tu.koszalin.pl/cgi-bin/koha/opac-detail.pl?biblionumber=2351 _yKatalog online BPK |
||
| 942 |
_2UKD _cKS |
||
| 999 |
_c2351 _d2351 |
||